Number of Countries By Decade - Statistics

General Stats
  • This quiz has been taken 195 times
  • The average score is 5 of 6
Answer Stats
Year # of Countries % Correct
2015 196
100%
2005 192
86%
1995 191
83%
1985 164
78%
1965 147
77%
1975 157
77%
No matching quizzes found
Score Distribution
Percent of People with Each Score
Percentile by Number Answered
Your Score History
You have not taken this quiz